| 000 | 00893nam a22002535a 4500 | ||
|---|---|---|---|
| 005 | 20171205160119.0 | ||
| 008 | 171205t1984 waua frb 001 0 eng d | ||
| 020 | _a0891162534 | ||
| 040 |
_aEG-ScBUE _beng _cEG-ScBUE |
||
| 082 | 0 | 4 |
_a615.907 _bBIO _222 |
| 245 | 0 | 0 |
_aBiological monitoring and surveillance of workers exposed to chemicals / _cedited by Antero Aitio, Vesa Riihimaki, Harri Vainio. |
| 260 |
_aWashington : _bHemisphere Pub. Corp., _cc.1984. |
||
| 300 |
_axi, 403 p. : _bill. ; _c25 cm. |
||
| 504 | _aIncludes bibliographical references and index. | ||
| 650 | 7 |
_aPatient monitoring. _2BUEsh _928890 |
|
| 650 | 7 |
_aIndicators (Biology) _2BUEsh |
|
| 650 | 7 |
_aIndustrial toxicology. _2BUEsh |
|
| 651 | _2BUEsh | ||
| 653 |
_bENGGEN _cDecember2017 |
||
| 700 | 1 |
_aAitio, Antero, _eeditor. |
|
| 700 | 1 |
_aRiihimaki, Vesa, _eeditor. |
|
| 700 | 1 |
_aVainio, Harri, _eeditor. |
|
| 942 | _2ddc | ||
| 999 |
_c3922 _d3922 |
||